000 00573nam a22002177i 4500
003 URS
005 20220114152514.0
008 170204b xxu||||| |||| 00| 0 eng d
020 _a014045019
040 _erda
_cURSP-College Library
_beng
050 _bSH261 1957
100 1 _aShaw, Bernard
245 _aMan and Superman
_cBernard Shaw
264 1 _aNew York
_bPenguin Books
_c1957.
300 _a264pages
_c20cm.
336 _atext
_btxt
_2rdacontent
337 _aunmediated
_bn
_2rdamedia
338 _avolume
_bnc
_2rdacarrier
500 _aIncludes
942 _2lcc
_cFR
999 _c6738
_d6738